Zborník o Čajakovcoch

Bibliographic Details
Main Authors: A.M (Author), Maťovčík, Augustín, 1937- (Author)
Format: Article
Language:Slovak
Subjects:

MARC

LEADER 00000nab a2200000 a 4500
001 vtls000390941
003 SK-MaSNL
005 20260304180921.0
008 160215c1990 xo 0 slo
015 |a SNBRB19rr/mm-uuuuu 
035 |a CL0391065 
040 |a SNKBUCL  |b slo  |c SNKBUCL  |e AACR2 
041 0 |a slo 
044 |a xo  |c SK 
080 |a 82:061.3(048)  |2 1981 
080 |a 061.3(048)  |2 1981 
080 |a 885.4  |2 1981 
080 |a 82  |2 1981 
080 |a 929  |2 1981 
080 |a 885.4(048)  |2 1981 
080 |a 929 Čajak, Ján  |2 1981 
100 1 |a A.M.  |4 aut  |9 935298 
245 1 0 |a Zborník o Čajakovcoch  |c A.M. ; Augustín Maťovčík, Janko Čajak, Ján Čajak, Ján ml. Čajak 
600 1 7 |a Čajak, Ján,  |d 1830-1867  |2 snkbucl  |9 86945 
600 1 7 |a Čajak, Ján,  |d 1863-1944  |2 snkbucl  |9 37624 
600 1 7 |a Čajak, Ján,  |d 1897-1982  |2 snkbucl  |9 113561 
651 7 |a 5304  |2 snkbucl  |9 277630 
655 7 |a články z novín a časopisov  |2 snkbucl  |9 267496 
655 7 |a články z odboru literárna veda a krásna literatúra  |2 snkbucl  |9 770045 
700 1 |a Maťovčík, Augustín,  |d 1937-  |4 aut  |9 98490 
773 0 |t Slovenské národné noviny  |g Č. 3 (1990), s. 11 
787 0 8 |i Rec.:  |t Čajakovci v slovenskej literatúre  |d Liptovský Mikuláš : Literárnohistorické múzeum Janka Kráľa, 1989 
850 |a Slovenská národná knižnica v Martine  |a MTA001 
852 |a SNK  |b KIS3GCP 
958 |a BX 
958 |a RK 
958 |a LX 
992 |a RBX 
999 |c 3020650  |d 3022580